Ciudad encima /
محفوظ في:
| المؤلف الرئيسي: | |
|---|---|
| التنسيق: | غير معروف |
| اللغة: | Spanish |
| منشور في: |
Chile:
Expresión popular,
2005
|
| الطبعة: | 1. edición |
| الموضوعات: | |
| الوسوم: |
إضافة وسم
لا توجد وسوم, كن أول من يضع وسما على هذه التسجيلة!
|
MARC
| LEADER | 000000000a22000000004500 | ||
|---|---|---|---|
| 001 | 001008 | ||
| 008 | 170621s2005 cl ||||| |||| 00| p spa d | ||
| 041 | 0 | |a español | |
| 082 | |a P861.4 |b C796c | ||
| 100 | 1 | |a Córdoba, José A. | |
| 245 | 1 | 0 | |a Ciudad encima / |c José A. Córdoba |
| 250 | |a 1. edición | ||
| 260 | |a Chile: |b Expresión popular, |c 2005 | ||
| 300 | |a 125 páginas | ||
| 500 | |a Número de inscripción 14081 | ||
| 650 | 1 | 4 | |a LITERATURA PANAMEÑA |v POESÍA |
| 942 | |2 ddc |c BK | ||
| 999 | |c 2135 |d 2135 | ||
